WWE Brawl for All Tournament entrants. - Statistics

General Stats
  • This quiz has been taken 94 times
  • The average score is 12 of 16
Answer Stats
Num Wrestler Round Note/Clue % Correct
4 Bradshaw R Runner-up. Known for being a Blackjack, an Acolyte, a bodyguard-for-hire, and a rich Tycoon.
94%
2 Bart Gunn W Tournament winner. Wrestled under a cowboy gimmick. Went on to fame in Japan for having knocked out #16.
90%
8 Godfather, The 3 Has wrestled as a voodoo practioner, a street fighter, and most famously, a pimp. Lost to #2 in round 3.
89%
10 Mark Canterbury 1 Had his biggest run as one half of a hillbilly tag team managed by Hillbilly Jim. Lost in round 1 to #4.
83%
6 Dan Severn 1 UFC Hall of Fame fighter. Another top pick to win. Won his match against #8 in round 1, but withdrew from the tournament.
81%
15 Steve Blackman 1 Won his match, but was injured and was replaced by his opponent, #9. Legit martial arts fighter who was a top pick to win.
79%
16 Steve Williams 2 The odds on favourite to win. A much-feared Gaijin wrestler in Japan prior to joining WWE. #2's knockout victory over him in round 2 made waves.
79%
3 Bob Holly 1 Had been in the New Midnight Express tag team with #2 immediately prior to the tournament, lost to him in round 1.
76%
7 Darren "Droz" Drozdov 3 Went to a draw in round 1 with #12, but advanced due to #12 sustaining injuries. Ex-Football player known for his ability to vomit on command.
74%
11 Quebecer Pierre 1 One half of a French-Canadian tag team in the 90's, underwent a career revival in RoH starting in 2018. Lost in round 1 to #16.
73%
13 Savio Vega 2 Puerto Rican wrestling sensation. Lost in round 2 to #7.
73%
9 Marc Mero 2 Lost in round 1 to #15, but due to #15's injury, he advanced to round 2. A golden-gloves boxer, wrestled for WCW in the mid-90's.
71%
1 8-Ball 1 One half of an identical twin tag team. Known for his biker gimmick in late 90's WWE. Lost to #13 in Round 1.
69%
12 Road Warrior Hawk 1 Went to a draw in round 1 with #7, but sustained injuries. Iconic tag-team wrestler of the 80's and 90's.
60%
5 Brakkus 1 A powerlifter who briefly transitioned to pro wrestling in the late 90's. Wrestled for WWE, USWA, and ECW. Lost to #13 in round 1.
40%
14 Scorpio 2 Light-heavyweight star in WCW and ECW who wanted to use this tournament to shed his WWE gimmick. Lost in round 2 to #8.
37%
No matching quizzes found
Score Distribution
Percent of People with Each Score
Percentile by Number Answered
Your Score History
You have not taken this quiz